San Ildefonso de Toledo a través de la pluma del Arcipreste de Talavera / (Record no. 175677)
[ view plain ]
| 000 -LEADER | |
|---|---|
| campo de control de longitud fija | 01234nam a2200277 i 4500 |
| 001 - NÚMERO DE CONTROL | |
| campo de control | 175677 |
| 003 - IDENTIFICADOR DE NÚMERO DE CONTROL | |
| campo de control | ES-MaACL |
| 005 - FECHA Y HORA DE LA ÚLTIMA TRANSACCIÓN | |
| campo de control | 20251120063149.0 |
| 007 - CAMPO FIJO DE DESCRIPCIÓN FÍSICA--INFORMACIÓN GENERAL | |
| campo de control de longitud fija | t| |
| 008 - DATOS DE LONGITUD FIJA--INFORMACIÓN GENERAL | |
| campo de control de longitud fija | 101116s1943 sp ||||1| spa d |
| 080 ## - NÚMERO DE LA CLASIFICACIÓN DECIMAL UNIVERSAL | |
| Número de la Clasificación Decimal Universal | 929 Ildefonso, Santo |
| 100 0# - ENTRADA PRINCIPAL--NOMBRE DE PERSONA | |
| Nombre de persona | Martínez de Toledo, Alfonso, |
| Títulos y otros términos asociados al nombre | Arcipreste de Talavera |
| 9 (RLIN) | 78034 |
| 245 10 - MENCIÓN DEL TÍTULO | |
| Título | San Ildefonso de Toledo a través de la pluma del Arcipreste de Talavera / |
| Mención de responsabilidad, etc. | estudio y edición crítica de la Vida de San Ildefonso y de la traducción del tratado De perpetua virginitate sanctae Mariae contra tres infideles, por el Arcipreste de Talavera, por José Madoz. |
| 260 ## - PUBLICACIÓN, DISTRIBUCIÓN, ETC. | |
| Lugar de publicación, distribución, etc. | Madrid : |
| Nombre del editor, distribuidor, etc. | Patronato Raimundo Lulio : |
| -- | Instituto Francisco Suárez, |
| Fecha de publicación, distribución, etc. | 1943. |
| 300 ## - DESCRIPCIÓN FÍSICA | |
| Extensión | 194 p. ; |
| Dimensiones | 25 cm. |
| 490 1# - MENCIÓN DE SERIE | |
| Mención de serie | Biblioteca de antiguos escritores cristianos españoles ; |
| Designación de volumen o secuencia | 2 |
| 500 ## - NOTA GENERAL | |
| Nota general | Índices. |
| 504 ## - NOTA DE BIBLIOGRAFÍA, ETC. | |
| Nota de bibliografía, etc. | Bibliografía: p. 188-190. |
| 600 04 - PUNTO DE ACCESO ADICIONAL DE MATERIA--NOMBRE DE PERSONA | |
| Nombre de persona | Ildefonso, |
| Títulos y otros términos asociados al nombre | Santo |
| 9 (RLIN) | 65173 |
| 700 1# - ENTRADA AGREGADA--NOMBRE PERSONAL | |
| Nombre de persona | Madoz, José. |
| 9 (RLIN) | 143958 |
| 710 0# - ENTRADA AGREGADA--NOMBRE DE ENTIDAD CORPORATIVA | |
| Nombre de entidad corporativa o nombre de jurisdicción como elemento de entrada | Patronato Raimundo Lulio (Madrid) |
| 9 (RLIN) | 6198 |
| 710 2# - ENTRADA AGREGADA--NOMBRE DE ENTIDAD CORPORATIVA | |
| Nombre de entidad corporativa o nombre de jurisdicción como elemento de entrada | Instituto "Francisco Suárez" |
| 9 (RLIN) | 5062 |
| 830 0# - PUNTO DE ACCESO ADICIONAL DE SERIE-TÍTULO UNIFORME | |
| Título uniforme | Biblioteca de antiguos escritores cristianos españoles ; |
| Designación de volumen o secuencia | 2 |
| 9 (RLIN) | 189822 |
| 852 ## - LOCALIZACIÓN | |
| Ubicación | ES-MaACL |
| Número de control de estantería | E-13541 |
| Encuadernación | Olim P-780 |
| Estatus retirado | Estado de pérdida | Estado de daño | No para préstamo | Biblioteca de origen | Biblioteca actual | Ubicación en estantería | Fecha de adquisición | Fuente de adquisición | Total de préstamos | Signatura topográfica completa | Código de barras | Visto por última vez | Precio de reemplazo | Tipo de ítem Koha |
|---|---|---|---|---|---|---|---|---|---|---|---|---|---|---|
| Biblioteca del Ateneo de Madrid | Biblioteca del Ateneo de Madrid | Depósito 2 | 16/11/2010 | E-13541 | 1184478 | 23/02/2023 | 23/02/2023 | Libro impreso |
